| 000 | 00800nas a2200277Ia 4500 | ||
|---|---|---|---|
| 001 | A10/R138-38433 | ||
| 003 | IT-MiCISF | ||
| 008 | 161014c99999999xx |||||||||||| ||und|| | ||
| 040 |
_aIT-MiCISF _cIT-MiCISF |
||
| 041 | _aFRANCESE | ||
| 100 | _aMarion Jean-Luc | ||
| 210 | _aEtudes | ||
| 222 | _aEtudes | ||
| 240 | _aLe phénomène érotique | ||
| 245 | 0 | _aLe phénomène érotique | |
| 250 | _a1a ed. | ||
| 260 | _c2003 | ||
| 501 |
_bCISF - Centro Internazionale Studi Famiglia - Via Giotto, 36 20145 MILANO (non commercial uses only) _cCopyright 2016 |
||
| 300 | _app. 483-494 | ||
| 362 | _an. 5, novembre [2003] | ||
| 500 | _a Tema: persona, erotismo, filosofia | ||
| 650 |
_apersona _varticolo |
||
| 700 | _a Devillars Laurence | ||
| 942 | _cCR | ||
| 957 | _71 | ||
| 999 |
_a38433 _bSi _g1 _c243302 _d243302 |
||